[Event "EuTCh"]
[Site "Leon ESP"]
[Date "2001.11.14"]
[Round "8"]
[White "Jobava,Ba"]
[Black "Markowski,T"]
[Result "1/2-1/2"]
[WhiteElo "2556"]
[BlackElo "2550"]
[EventDate "2001.11.06"]

1. e4 e5 2. Nf3 Nc6 3. Bb5 Nf6 4. O-O Nxe4 5. d4 Nd6 6. Bxc6 dxc6 7. dxe5
Nf5 8. Qxd8+ Kxd8 9. Nc3 Ke8 10. b3 Ne7 11. Bb2 Bg4 12. Nd4 Rd8 13. Ne4 Nf5
14. Nxf5 Bxf5 15. Rfe1 Be7 16. Re2 h5 17. Ng3 Be6 18. Nf1 Bc5 19. c4 h4 20.
h3 Bf5 21. Bc3 b6 22. Rd2 Rxd2 23. Nxd2 Be7 24. Nf1 a5 25. Ne3 Be6 26. Rd1
g5 27. Kf1 Kf8 28. Ke2 Kg7 29. Kf3 Kg6 30. Ke4 a4 31. bxa4 Ra8 32. a5 Bc5
33. axb6 cxb6 34. Bd4 Bxd4 35. Rxd4 Rxa2 36. Rd6 Rxf2 37. Rxc6 Rb2 38. Kd3
Rb3+ 1/2-1/2

[Event "EuTCh"]
[Site "Leon ESP"]
[Date "2001.11.14"]
[Round "8"]
[White "Grabarczyk,M"]
[Black "Mchedlishvili,M"]
[Result "1/2-1/2"]
[WhiteElo "2489"]
[BlackElo "2518"]
[EventDate "2001.11.06"]

1. d4 Nf6 2. c4 e6 3. Nf3 d5 4. g3 Bb4+ 5. Bd2 Be7 6. Bg2 O-O 7. O-O c6 8.
Qb3 b6 9. Bb4 c5 10. Ba3 Nc6 11. cxd5 exd5 12. Nc3 c4 13. Bxe7 Nxe7 14. Qa3
Bb7 15. Ne5 Nc6 16. Nxc6 Bxc6 17. b3 b5 18. bxc4 bxc4 19. Rab1 Qd7 20. Rb2
Rfe8 21. Rfb1 Rac8 22. Rb4 h6 23. Qc1 Qf5 24. Qf4 Qxf4 25. gxf4 Kf8 26. h4
Ke7 27. Bh3 Rc7 28. f3 Rg8 29. Rb8 Rxb8 30. Rxb8 Rb7 31. Rxb7+ Bxb7 32. Kf2
Bc6 33. e3 a5 34. Bf5 Ne8 35. Bc2 1/2-1/2

[Event "EuTCh"]
[Site "Leon ESP"]
[Date "2001.11.14"]
[Round "8"]
[White "Bogdanovski,V"]
[Black "Kallio,H"]
[Result "0-1"]
[WhiteElo "2430"]
[BlackElo "2517"]
[EventDate "2001.11.06"]

1. d4 d5 2. c4 c6 3. Nf3 Nf6 4. e3 a6 5. Bd3 b5 6. b3 Bg4 7. Nbd2 e6 8. Qc2
Bd6 9. Bb2 Bh5 10. O-O Bg6 11. e4 Bb4 12. exd5 cxd5 13. cxb5 axb5 14. Bxb5+
Nbd7 15. Qd1 Qa5 16. a4 O-O 17. Qe2 Rfd8 18. Rfc1 h6 19. Bd3 Nf8 20. Rc2
Bh5 21. h3 Qb6 22. Qe3 N6d7 23. Rac1 Bg6 24. Rc6 Qb8 25. Bb5 f6 26. Bd3 Bf7
27. Ba6 Nb6 28. Bb5 Nc8 29. Bd3 Bd6 30. Qe2 Ne7 31. R6c2 Nfg6 32. g3 Nf5
33. Bxf5 exf5 34. Kg2 h5 35. Qb5 Qa7 36. Qd3 Qd7 37. Nf1 f4 38. Re1 Nf8 39.
Bc1 fxg3 40. fxg3 Bg6 41. Qd1 Bf5 42. Ng1 Bxc2 43. Qxc2 Bb4 44. Bd2 Bxd2
45. Nxd2 Re8 46. Rxe8 Qxe8 47. Qf5 Rd8 48. h4 Qe3 49. Ndf3 Qxb3 50. Qxh5
Qc2+ 51. Kh3 Qxa4 52. Ne2 Qd7+ 53. Kg2 Ne6 54. Qf5 Nc7 55. Qc2 Re8 56. Nf4
Ne6 57. Nh3 Rc8 58. Qd3 Qa4 59. Nf2 Qc2 60. Qa6 Qc6 61. Qd3 Nd8 62. h5 Nf7
63. Nh4 Qc2 64. Qf3 Rd8 65. Nf5 Ng5 66. Qg4 Re8 67. Kf1 Kh7 68. Nh4 Ra8 69.
Nf3 Ne4 70. Qf5+ Kh8 0-1

[Event "EuTCh"]
[Site "Leon ESP"]
[Date "2001.11.14"]
[Round "8"]
[White "Norri,J"]
[Black "Mitkov,N"]
[Result "1/2-1/2"]
[WhiteElo "2418"]
[BlackElo "2514"]
[EventDate "2001.11.06"]

1. d4 Nf6 2. c4 e6 3. Nc3 Bb4 4. Bg5 h6 5. Bh4 c5 6. d5 Bxc3+ 7. bxc3 d6 8.
e3 Qe7 9. Bd3 Nbd7 10. Nf3 e5 11. e4 Nf8 12. Qa4+ Qd7 13. Qa3 g5 14. Bg3
Ng6 15. Bc2 Kf8 16. Nd2 Rg8 17. Nf1 h5 18. f3 h4 19. Bf2 g4 20. Bd1 Nf4 21.
Ne3 h3 22. g3 Ng2+ 23. Kd2 Qe7 24. Rf1 Rg6 25. Kc2 Kg8 26. Qc1 Qe8 27. Nf5
gxf3 28. Nxd6 Qd7 29. Nxc8 Nxe4 30. Bxf3 Nxf2 31. Rxf2 Qf5+ 32. Kd1 Rxc8
33. Ke2 Rf6 34. Qb1 Qg5 35. Qe4 Rb6 36. Bxg2 Rb2+ 37. Kf1 hxg2+ 38. Kxg2
Rxf2+ 39. Kxf2 Re8 40. Qe3 Qh5 41. Kg2 Qg4 42. d6 Rd8 43. Qxe5 Rxd6 44.
Qe8+ Kg7 45. Qe5+ Kg8 46. Rf1 Re6 47. Qb8+ Kg7 48. Qxb7 Re2+ 49. Kg1 Qxc4
50. Qf3 Qe6 51. a4 Re3 52. Qf4 Rxc3 53. Qg5+ Kf8 54. Rd1 Qe3+ 55. Qxe3 Rxe3
56. Rd7 Ra3 57. Rxa7 Ra2 58. Rc7 Rxa4 59. Rxc5 1/2-1/2

[Event "EuTCh"]
[Site "Leon ESP"]
[Date "2001.11.14"]
[Round "8"]
[White "Jacimovic,D"]
[Black "Holmsten,A"]
[Result "1/2-1/2"]
[WhiteElo "2486"]
[BlackElo "2422"]
[EventDate "2001.11.06"]

1. d4 Nf6 2. c4 g6 3. Nc3 d5 4. cxd5 Nxd5 5. Qb3 Nxc3 6. bxc3 Bg7 7. Ba3
O-O 8. Nf3 Nd7 9. e3 c5 10. Be2 b6 11. O-O Qc7 12. Rad1 Bb7 13. Rfe1 e6 14.
Bf1 Rfe8 15. e4 Rac8 16. Qb1 a6 17. e5 1/2-1/2

[Event "EuTCh"]
[Site "Leon ESP"]
[Date "2001.11.14"]
[Round "8"]
[White "Gunnarsson,J"]
[Black "Seitaj,I"]
[Result "1-0"]
[WhiteElo "2386"]
[BlackElo "2386"]
[EventDate "2001.11.06"]

1. e4 e5 2. Nf3 Nc6 3. Bc4 Nf6 4. d3 Be7 5. O-O O-O 6. c3 d5 7. exd5 Nxd5
8. Re1 Bg4 9. h3 Bh5 10. Nbd2 Nf4 11. Ne4 Na5 12. Bxf4 exf4 13. Ned2 c5 14.
Qe2 Bd6 15. Bd5 Qd7 16. Ne5 Bxe5 17. Qxe5 Bg6 18. c4 Bxd3 19. Qc3 Nxc4 20.
Bxc4 Rad8 21. Nf3 Bxc4 22. Qxc4 Qd6 23. Re5 b6 24. Qxf4 f6 25. Qc4+ Rf7 26.
Re3 g6 27. Rae1 Kg7 28. Qc3 Qd5 29. a4 Rdd7 30. R1e2 Qd1+ 31. Re1 Qd5 32.
R3e2 Qf5 33. Qc4 Qd3 34. Qxd3 Rxd3 35. Re3 Rd5 36. Kf1 g5 37. Ke2 Rfd7 38.
Rc1 h5 39. Rc2 Kf7 40. g4 hxg4 41. hxg4 a6 42. Rd2 Rxd2+ 43. Nxd2 b5 44. a5
c4 45. b3 cxb3 46. Nxb3 Rc7 47. Rd3 Rc8 48. f3 Rc7 1-0

[Event "EuTCh"]
[Site "Leon ESP"]
[Date "2001.11.14"]
[Round "8"]
[White "Rama,L"]
[Black "Thorfinnsson,Br"]
[Result "1-0"]
[WhiteElo "2311"]
[BlackElo "2393"]
[EventDate "2001.11.06"]

1. d4 Nf6 2. c4 e6 3. g3 d5 4. Nf3 Bb4+ 5. Nbd2 O-O 6. Bg2 dxc4 7. O-O c3
8. Nb3 cxb2 9. Bxb2 a5 10. a3 Be7 11. Qc2 Bd7 12. Ne5 Nd5 13. Nc5 Ra7 14.
Rfd1 Be8 15. e4 Nf6 16. Rd2 b6 17. Ncd3 c6 18. Nf4 Nfd7 19. d5 cxd5 20.
exd5 exd5 21. Nxd5 Bc5 22. Nf3 Nc6 23. Qc3 f6 24. Ng5 Nd4 25. Ne4 Ne6 26.
Bh3 f5 27. Re1 Kh8 28. Nd6 Bxd6 29. Rxe6 Nc5 30. Nf4 Ne4 31. Rxe4 fxe4 32.
Qd4 e3 33. Qxd6 Qxd6 34. Rxd6 Rc7 35. fxe3 Rc2 36. Rxb6 Bc6 37. Ne6 Re8 38.
Nd4 Rd2 39. Nxc6 Rf8 40. Bf5 h5 41. e4 1-0

[Event "EuTCh"]
[Site "Leon ESP"]
[Date "2001.11.14"]
[Round "8"]
[White "Arlandi,E"]
[Black "Krakops,M"]
[Result "0-1"]
[WhiteElo "2453"]
[BlackElo "2518"]
[EventDate "2001.11.06"]

1. d4 e6 2. c4 b6 3. e4 Bb7 4. Bd3 Nc6 5. Ne2 Nb4 6. O-O Ne7 7. Nbc3 Nxd3
8. Qxd3 d6 9. d5 Qd7 10. Nd4 g6 11. dxe6 fxe6 12. Rd1 Bg7 13. Qh3 Bxd4 14.
Rxd4 O-O-O 15. Bg5 Rdf8 16. Rd2 Nc6 17. Bh6 Rf7 18. b3 Kb8 19. Re1 Qe8 20.
Qe3 Rg8 21. Bg5 Ne5 22. h3 Qf8 23. Bh6 Qe7 24. Bg5 Qf8 25. Bh6 Qc8 26. Bf4
Nc6 27. Bg5 Rff8 28. Bh6 Re8 29. Bf4 e5 30. Bg5 Nd4 31. Nd5 Rg7 32. Qg3 Ne6
33. Re3 Rf7 34. Qh4 h6 35. Bxh6 Rh8 36. Rg3 g5 37. Rxg5 Nxg5 38. Qxg5 Bxd5
39. cxd5 Rfh7 0-1

[Event "EuTCh"]
[Site "Leon ESP"]
[Date "2001.11.14"]
[Round "8"]
[White "D'Amore,C"]
[Black "Meijers,V"]
[Result "0-1"]
[WhiteElo "2456"]
[BlackElo "2465"]
[EventDate "2001.11.06"]

1. Nf3 Nf6 2. g3 b6 3. Bg2 Bb7 4. d3 e6 5. e4 d5 6. e5 Nfd7 7. O-O c5 8.
Re1 Nc6 9. c3 Be7 10. h4 h6 11. Nbd2 Qc7 12. Qe2 g5 13. hxg5 hxg5 14. g4
O-O-O 15. Nf1 Rdg8 16. Ng3 Nf8 17. d4 f6 18. exf6 Bxf6 19. Nh5 Be7 20. dxc5
bxc5 21. b4 c4 22. b5 Nd8 23. Be3 Kb8 24. Bd4 Rh7 25. Qe3 Qa5 26. Ne5 Ba3
27. Rab1 Ka8 28. Bc5 Bxc5 29. Qxc5 Nd7 30. Qd6 Nxe5 31. Qxe5 0-1

[Event "EuTCh"]
[Site "Leon ESP"]
[Date "2001.11.14"]
[Round "8"]
[White "Kotronias,V"]
[Black "Damljanovic,B"]
[Result "1-0"]
[WhiteElo "2548"]
[BlackElo "2569"]
[EventDate "2001.11.06"]

1. e4 c5 2. Nf3 Nc6 3. d4 cxd4 4. Nxd4 Nf6 5. Nc3 d6 6. Bg5 e6 7. Qd2 a6 8.
O-O-O Bd7 9. f4 b5 10. Bxf6 gxf6 11. Kb1 Qb6 12. Nxc6 Bxc6 13. Qe1 Ra7 14.
Bd3 h5 15. Qh4 Be7 16. f5 b4 17. Ne2 e5 18. Ng3 Qc5 19. Nxh5 Kd8 20. g4 a5
21. Rhf1 Rd7 22. Qe1 Kc7 23. Qe2 d5 24. exd5 Rxd5 25. g5 fxg5 26. f6 Bd6
27. Ng3 Rd4 28. Nf5 Rf4 29. Rxf4 exf4 30. Be4 Bb5 31. Qg2 Rd8 32. Qxg5 Be2
33. Rd4 Qe5 34. Qg2 Ba6 35. Qd2 Qxf6 36. Rxd6 Rxd6 37. Qxf4 Bc8 38. Qxd6+
Qxd6 39. Nxd6 Kxd6 40. Kc1 Ke5 41. Bc6 Kd4 42. Kd2 Bh3 43. c3+ bxc3+ 44.
bxc3+ Ke5 45. Ke3 f5 46. Kf3 Bg4+ 47. Kg3 Be2 48. Bf3 Bc4 49. a3 Be6 50. h4
f4+ 51. Kf2 Bf7 52. Be2 Kf6 53. c4 Ke5 54. h5 1-0

[Event "EuTCh"]
[Site "Leon ESP"]
[Date "2001.11.14"]
[Round "8"]
[White "Ilincic,Z"]
[Black "Clerides,P"]
[Result "1-0"]
[WhiteElo "2521"]
[BlackElo "2188"]
[EventDate "2001.11.06"]

1. d4 Nf6 2. c4 g6 3. g3 Bg7 4. Bg2 O-O 5. Nc3 d6 6. Nf3 Nbd7 7. O-O e5 8.
e4 c6 9. b3 Qb6 10. Rb1 exd4 11. Nxd4 Nxe4 12. Nxe4 Bxd4 13. Nxd6 Nf6 14.
Nxc8 Raxc8 15. b4 Rfe8 16. Qc2 Qa6 17. Bf3 Re6 18. Rd1 Rd8 19. Bf4 b6 20.
b5 cxb5 21. cxb5 Qa3 22. Kg2 Qe7 23. Qd3 Ne4 24. Bxe4 Rxe4 25. Bg5 Qb7 26.
f3 Rde8 27. Rd2 R4e5 28. Bf4 Rd5 29. Rbd1 Rdd8 30. Bg5 f6 31. Bh6 Qf7 32.
h4 f5 33. Qc2 Bf6 34. Rxd8 Rxd8 35. Rxd8+ Bxd8 36. Qc8 Qc7 37. Qe6+ Qf7 38.
Qd6 Qe7 39. Qd5+ Kh8 40. Kh3 Bc7 41. Qb7 Qd6 42. Bf4 Qd1 43. Qc8+ Bd8 44.
Be5+ Kg8 45. Qe6+ Kf8 46. Bd6+ 1-0

[Event "EuTCh"]
[Site "Leon ESP"]
[Date "2001.11.14"]
[Round "8"]
[White "Georghiou,A"]
[Black "Ivanisevic,I"]
[Result "0-1"]
[WhiteElo "2155"]
[BlackElo "2547"]
[EventDate "2001.11.06"]

1. d4 Nf6 2. c4 c6 3. Nc3 d5 4. cxd5 cxd5 5. Nf3 Nc6 6. Bf4 a6 7. h3 Bf5 8.
a3 e6 9. e3 Qb6 10. Ra2 Ne4 11. Nxe4 Bxe4 12. Nd2 Bg6 13. Be2 Be7 14. O-O
O-O 15. Qa4 Rac8 16. b4 Na7 17. Nf3 Nb5 18. Bxb5 axb5 19. Qb3 f6 20. Nh4
Bf7 21. Nf3 Rc6 22. Rc2 Rfc8 23. Rfc1 Rc4 24. Nd2 Bg6 25. Rc3 R4c6 26. Bg3
h5 27. Kh1 Kh7 28. Kg1 Qa6 29. Qb2 Kg8 30. Kh1 Kf7 31. Kg1 Bd3 32. Rxc6
Rxc6 33. Rc3 Qa4 34. Qc1 Rxc3 35. Qxc3 Qd1+ 36. Kh2 Bc4 37. Nf3 Ke8 38. Nd2
Kd7 39. Bb8 g5 40. Bg3 h4 41. Bb8 Kc8 42. Ba7 Bd6+ 0-1

[Event "EuTCh"]
[Site "Leon ESP"]
[Date "2001.11.14"]
[Round "8"]
[White "Bryson,D"]
[Black "Wagener,C"]
[Result "1-0"]
[WhiteElo "2384"]
[BlackElo "2183"]
[EventDate "2001.11.06"]

1. e4 e6 2. d4 d5 3. Nc3 Bb4 4. e5 c5 5. a3 Ba5 6. b4 cxd4 7. Qg4 Ne7 8.
bxa5 dxc3 9. Qxg7 Rg8 10. Qxh7 Nbc6 11. Nf3 Qc7 12. Bf4 Bd7 13. a6 O-O-O
14. axb7+ Qxb7 15. Qd3 Qb2 16. Qd1 Kc7 17. Bd3 Rg4 18. Bg3 Ra4 19. O-O Rxa3
20. Rb1 Qa2 21. Qe2 Ra5 22. Qe3 Qa3 23. Rb3 Qc5 24. Qf4 d4 25. Qxf7 Nd5 26.
Rfb1 Ncb4 27. Ng5 Re8 28. h4 Ra2 29. Ne4 Qa5 30. Nf6 Re7 31. Qf8 Rb2 32.
Nxd5+ Nxd5 33. Qb8+ Kc6 34. Qd6+ 1-0

[Event "EuTCh"]
[Site "Leon ESP"]
[Date "2001.11.14"]
[Round "8"]
[White "Berry,N"]
[Black "Weber,Je"]
[Result "1/2-1/2"]
[WhiteElo "2255"]
[BlackElo "2249"]
[EventDate "2001.11.06"]

1. d4 Nf6 2. c4 c5 3. d5 b5 4. cxb5 a6 5. bxa6 g6 6. Nc3 Bxa6 7. Nf3 d6 8.
g3 Bg7 9. Bg2 Nbd7 10. O-O O-O 11. Qc2 Qa5 12. Rd1 Nb6 13. e4 Ng4 14. Bd2
Nc4 15. Be1 Rfb8 16. Rab1 Nge5 17. Nxe5 Nxe5 18. a4 c4 19. Nb5 Qb6 20. Nd4
Nd3 21. Nc6 Nxe1 22. Rxe1 Qb3 23. Qxb3 Rxb3 24. e5 Kf8 25. Re3 dxe5 26.
Rxb3 cxb3 27. Rc1 Bd3 28. d6 exd6 29. Nb4 Rxa4 30. Nxd3 e4 31. Nf4 Bxb2 32.
Rb1 Be5 33. Rxb3 Bxf4 34. gxf4 d5 35. Rb1 f5 1/2-1/2

[Event "EuTCh"]
[Site "Leon ESP"]
[Date "2001.11.14"]
[Round "8"]
[White "Danner,G"]
[Black "Arduman,C"]
[Result "1-0"]
[WhiteElo "2416"]
[BlackElo "2379"]
[EventDate "2001.11.06"]

1. d4 d5 2. Nf3 Nf6 3. c4 c6 4. e3 a6 5. Nc3 Bg4 6. Qb3 Ra7 7. Ne5 e6 8. f3
Bh5 9. g4 Bg6 10. h4 h5 11. Nxg6 fxg6 12. g5 Ng8 13. Bd3 Ne7 14. Ne2 Nd7
15. Bd2 Nf5 16. cxd5 cxd5 17. Nf4 Kf7 18. Bxf5 gxf5 19. g6+ Kf6 20. e4 Qb6
21. Qxb6 Nxb6 22. Ba5 dxe4 23. Bxb6 Ra8 24. Ke2 exf3+ 25. Kxf3 Re8 26. Bc7
1-0

[Event "EuTCh"]
[Site "Leon ESP"]
[Date "2001.11.14"]
[Round "8"]
[White "Haznedaroglu,K"]
[Black "Volkmann,F"]
[Result "0-1"]
[WhiteElo "2328"]
[BlackElo "2414"]
[EventDate "2001.11.06"]

1. e4 e5 2. Nf3 Nf6 3. Nxe5 Nxe4 4. Qe2 Qe7 5. Qxe4 d6 6. f4 dxe5 7. fxe5
f6 8. Bc4 Qxe5 9. Qxe5+ fxe5 10. d3 Nc6 11. Be3 Nd4 12. Kd2 Nf5 13. Bf2 Bd7
14. Nc3 O-O-O 15. Rae1 Re8 16. Bf7 Re7 17. Bd5 c6 18. Be4 b6 19. Rhf1 g6
20. Kc1 Bh6+ 21. Kb1 Rf8 22. Bf3 Ref7 23. Ne4 Kc7 24. c3 Nd6 25. Ng3 Bh3
26. Bg1 Nf5 27. Be4 Nxg3 28. Rxf7+ Rxf7 29. hxg3 Bf5 30. Rf1 Kd6 31. Kc2
Ke6 32. Rf3 Bxe4 33. dxe4 Rxf3 34. gxf3 Bf8 35. b4 h5 36. Kd3 g5 37. Bf2
Be7 38. a4 h4 39. g4 c5 40. Kc4 cxb4 41. cxb4 h3 42. Bg3 a6 43. b5 a5 44.
Kd3 Bc5 45. Ke2 Kd6 46. Kf1 Be3 47. Ke2 Bf4 48. Bxf4 exf4 0-1

[Event "EuTCh"]
[Site "Leon ESP"]
[Date "2001.11.14"]
[Round "8"]
[White "Baumegger,S"]
[Black "Erdogan,H"]
[Result "0-1"]
[WhiteElo "2395"]
[BlackElo "2292"]
[EventDate "2001.11.06"]

1. d4 Nf6 2. c4 e6 3. Nc3 c5 4. d5 exd5 5. cxd5 d6 6. e4 g6 7. Nf3 Bg7 8.
Bg5 O-O 9. Nd2 Na6 10. Be2 Nc7 11. a4 Rb8 12. O-O h6 13. Bh4 a6 14. f4 Qd7
15. Nc4 b5 16. Ne3 Nh7 17. e5 dxe5 18. f5 g5 19. Bg3 bxa4 20. f6 Nxf6 21.
Nf5 Re8 22. Bh5 Nxh5 23. Qxh5 Rb6 24. d6 Nb5 25. Nd5 Rxd6 26. Nxd6 Nxd6 27.
Nf6+ Bxf6 28. Rxf6 Nf5 29. Rf1 Ng7 30. Qxh6 Qd4+ 31. Bf2 Qg4 32. Be3 Qh5
33. Qxh5 Nxh5 34. Rxf7 Nf4 35. Rc7 Nd5 36. Rxc5 Nxe3 37. Re1 Nf5 38. Rexe5
Rxe5 39. Rxe5 Kf7 40. g4 Kf6 41. Rc5 Nd6 42. h3 Bd7 43. Rd5 Ke7 44. Rxg5
Nc4 45. h4 Nxb2 46. h5 a3 47. h6 a2 48. Re5+ Kf7 49. Re1 Be6 50. g5 Bf5 51.
Rc1 Bb1 0-1

[Event "EuTCh"]
[Site "Leon ESP"]
[Date "2001.11.14"]
[Round "8"]
[White "Bayram,Y"]
[Black "Neubauer,M"]
[Result "0-1"]
[WhiteElo "2212"]
[BlackElo "2434"]
[EventDate "2001.11.06"]

1. d4 Nf6 2. c4 g6 3. Nc3 d5 4. cxd5 Nxd5 5. Bd2 Bg7 6. e4 Nb6 7. Be3 O-O
8. Nf3 Nc6 9. h3 f5 10. e5 Nb4 11. Qb3+ N4d5 12. Nxd5 Qxd5 13. Qxd5+ Nxd5
14. Bc4 Rd8 15. Bg5 Kf8 16. Rc1 c6 17. Bd2 Be6 18. h4 h6 19. h5 g5 20. Bxg5
hxg5 21. Nxg5 Bf7 22. h6 Bh8 23. Rc3 Nxc3 24. Nxf7 Rxd4 25. Bb3 Nd5 26.
Nxh8 Kg8 27. Ng6 Kh7 28. Nh4 e6 29. Bd1 Nf4 30. g3 Nd3+ 31. Kf1 Nxe5 32.
Bb3 Ng4 33. Nf3 Rd6 34. Ng5+ Kg6 35. Nxe6 Nxh6 36. Nf4+ Kg7 37. Ne6+ Kg6
38. Nf4+ Kh7 39. Rh5 Re8 40. Bc2 Re5 41. g4 Kg7 42. gxf5 Nf7 43. Rh3 Rd2
44. Rg3+ Kf6 45. Rg6+ Ke7 46. f6+ Kd6 47. Bb3 Rf5 48. Nh3 Ne5 49. Rh6 Ng4
50. Rg6 Nxf6 51. Kg2 Ke5 52. Rg7 Rd7 53. f4+ Kd6 54. Rg6 Ke7 55. Rg7+ Kd8
56. Rg5 Rxg5+ 57. fxg5 Ne4 58. Kf3 Nd2+ 59. Kg4 Nxb3 60. axb3 Ke7 61. Nf4
Rd1 62. Kf5 Kf7 63. g6+ Kg7 64. Ne6+ Kh6 65. Kf6 Rf1+ 66. Ke7 Kxg6 67. Kd7
Rf3 68. Nc5 b6 69. Na6 Rxb3 70. Kxc6 Rxb2 71. Kb7 Ra2 72. Nc7 Kf5 73. Nb5
Ke5 0-1

[Event "EuTCh"]
[Site "Leon ESP"]
[Date "2001.11.14"]
[Round "8"]
[White "Cobb,J"]
[Black "Quinn,M"]
[Result "1/2-1/2"]
[WhiteElo "2335"]
[BlackElo "2387"]
[EventDate "2001.11.06"]

1. d4 Nf6 2. Nf3 e6 3. Bg5 c5 4. e3 cxd4 5. exd4 b6 6. c4 Bb7 7. Nc3 Be7 8.
Bd3 d6 9. d5 e5 10. O-O Nbd7 11. Be3 O-O 12. Ng5 h6 13. Nh3 Rc8 14. b3 a6
15. Rc1 Re8 16. f4 Bf8 17. f5 e4 18. Be2 b5 19. Nf2 Qa5 20. Kh1 Rc7 21. Qd2
bxc4 22. bxc4 Nc5 23. Rb1 Bc8 24. Ng4 Nxg4 25. Bxg4 f6 26. h3 Bd7 27. Bh5
Re5 28. Bg6 Be8 29. Bf4 e3 30. Qc2 Bxg6 31. Bxe5 Bxf5 32. Rxf5 dxe5 33. Rf3
Nd7 34. Rxe3 Rxc4 35. Qd3 Rd4 36. Qf5 Nc5 37. Rb8 Qc7 38. Qc8 Qd6 39. Qd8
Qxd8 40. Rxd8 Kf7 1/2-1/2

[Event "EuTCh"]
[Site "Leon ESP"]
[Date "2001.11.14"]
[Round "8"]
[White "Heidenfeld,M"]
[Black "Zeidler,S"]
[Result "1-0"]
[WhiteElo "2382"]
[BlackElo "2296"]
[EventDate "2001.11.06"]

1. e4 d5 2. exd5 Qxd5 3. Nc3 Qa5 4. g3 Nf6 5. Bg2 Bg4 6. Nf3 e6 7. h3 Bh5
8. O-O Nc6 9. a3 Nd4 10. g4 Nxg4 11. b4 Bxb4 12. axb4 Qxa1 13. Nxd4 Nf6 14.
Qe1 Qa6 15. Nb3 O-O 16. b5 Qd6 17. Bxb7 Rab8 18. Bg2 Nd5 19. d3 Nxc3 20.
Qxc3 Rxb5 21. Be3 Rc8 22. Ra1 c5 23. Rxa7 h6 24. Ra4 f6 25. Rh4 Bf7 26. Rg4
h5 27. Rc4 e5 28. Rxc5 Rcxc5 29. Bxc5 Qc7 30. d4 exd4 31. Bxd4 Qf4 32. Be3
Qf5 33. Qc6 Rb4 34. Nd2 Qe5 35. c3 Rb8 36. Qc5 Qe6 37. c4 Rd8 38. Qa5 Qd7
39. c5 Rc8 40. c6 Qd6 41. Qf5 Rxc6 42. Bxc6 Qxc6 43. Kh2 Qd6+ 44. Bf4 Qd4
45. Be3 Qd6+ 46. Kg1 Qa6 47. Ne4 Qe2 48. Kh2 Qd1 49. Qc8+ Kh7 50. Qb7 Kg8
51. Nc3 Qd6+ 52. Kg1 Qa3 53. Qb8+ Kh7 54. Qc7 Kg8 55. Ne4 Qa1+ 56. Kh2 Qd1
57. Nd6 Bd5 58. Qc1 Qb3 59. Qc8+ Kh7 60. Qf5+ g6 61. Qd7+ Kg8 62. Qe8+ Kh7
63. Qe7+ Kg8 64. Bh6 1-0

[Event "EuTCh"]
[Site "Leon ESP"]
[Date "2001.11.14"]
[Round "8"]
[White "May,F"]
[Black "Brady,S"]
[Result "1/2-1/2"]
[WhiteElo "2174"]
[BlackElo "2333"]
[EventDate "2001.11.06"]

1. c4 e5 2. Nf3 e4 3. Nd4 Nc6 4. e3 Nxd4 5. exd4 Qf6 6. d5 Bc5 7. Qe2 Qe5
8. Nc3 f5 9. d3 Nf6 10. dxe4 fxe4 11. g3 O-O 12. Bf4 Qe8 13. Bg2 d6 14. O-O
Bg4 15. Qd2 Qh5 16. Na4 Be2 17. Nxc5 Bxf1 18. Rxf1 dxc5 19. Bxc7 Rae8 20.
h3 Nd7 21. Qe3 b6 22. Kh2 Rf7 23. g4 Qh4 24. f3 Qe7 25. f4 Qh4 26. Kg1 Qf6
27. b3 h5 28. f5 hxg4 29. hxg4 Qd4 30. Re1 Qf6 31. Bf4 g6 32. Bg5 Qb2 33.
fxg6 Rg7 34. Re2 Qb1+ 35. Kh2 Rxg6 36. Kg3 Qa1 37. Bxe4 Nf6 38. Bxf6 Qxf6
39. Qf4 Qxf4+ 40. Kxf4 Rf6+ 41. Kg3 Kg7 42. Bd3 Rxe2 1/2-1/2

[Event "EuTCh"]
[Site "Leon ESP"]
[Date "2001.11.14"]
[Round "8"]
[White "O'Cinneide,M"]
[Black "Varley,P"]
[Result "1-0"]
[WhiteElo "2249"]
[BlackElo "2197"]
[EventDate "2001.11.06"]

1. c4 d6 2. Nc3 e5 3. g3 c6 4. Bg2 Be7 5. e4 f5 6. d3 Nf6 7. Nge2 O-O 8.
O-O fxe4 9. dxe4 Be6 10. b3 Na6 11. Bb2 Qe8 12. Qd2 Rd8 13. Rad1 Qh5 14.
Ba3 Rd7 15. Nc1 Ne8 16. Nd3 Bd8 17. Qe3 Bb6 18. c5 dxc5 19. Na4 Rd4 20.
Nxb6 axb6 21. Bb2 Nf6 22. f3 Nc7 23. Bxd4 cxd4 24. Qd2 Nb5 25. Rc1 c5 26.
f4 Ng4 27. Bf3 exf4 28. Nxf4 Qg5 29. Qe2 Bd7 30. Bxg4 Qxg4 31. Qc4+ Rf7 32.
Qd5 Nc3 33. Rxc3 dxc3 34. e5 g5 35. e6 Bxe6 36. Nxe6 Rxf1+ 37. Kxf1 c2 38.
Nd4+ Kg7 39. Nxc2 Qh3+ 40. Kg1 Qc8 41. Ne3 Kg6 42. Qd6+ Kf7 43. g4 Qe6 44.
Qd3 Ke8 45. Nf5 Qe1+ 46. Kg2 Qa1 47. Qe4+ 1-0

[Event "EuTCh"]
[Site "Leon ESP"]
[Date "2001.11.15"]
[Round "9"]
[White "Sutovsky,E"]
[Black "Tiviakov,S"]
[Result "0-1"]
[WhiteElo "2664"]
[BlackElo "2599"]
[EventDate "2001.11.06"]

1. e4 c5 2. Nf3 Nc6 3. Bb5 d6 4. O-O Bd7 5. Re1 Nf6 6. c3 a6 7. Bf1 Bg4 8.
h3 Bxf3 9. Qxf3 g6 10. Qd1 Bh6 11. Na3 O-O 12. Nc2 e5 13. g3 b5 14. d4 Bxc1
15. Rxc1 Kg7 16. d5 Ne7 17. a4 Qd7 18. Qe2 Rab8 19. Na3 bxa4 20. Nc4 Ne8
21. f4 f6 22. Bg2 Nc8 23. Rf1 Qb5 24. Rf2 Nb6 25. Bf1 Qxc4 26. Qxc4 Nxc4
27. Bxc4 Nc7 28. Ra1 Rfe8 29. Re2 f5 30. Rxa4 exf4 31. gxf4 Rxe4 32. Rxe4
fxe4 33. b4 cxb4 34. cxb4 Rb6 35. Kf2 Kf6 36. Ke2 Kf5 37. Ke3 h6 38. h4 h5
39. Bb3 a5 40. Rxa5 Rxb4 41. Ba4 Rxa4 42. Rxa4 Nxd5+ 43. Kd4 Nxf4 44. Ra2
Ne6+ 45. Kc4 Ke5 46. Ra5+ Kf4 47. Ra1 Nc5 48. Rf1+ Ke5 49. Rf7 Ne6 50. Rd7
e3 51. Kc3 d5 52. Re7 Kd6 53. Re8 d4+ 54. Kd3 Kd5 55. Ke2 Ke5 56. Kf3 Kf6
57. Rh8 Ng7 58. Rd8 Nf5 59. Ke2 Ke5 60. Kd3 Kf4 61. Rf8 Kg3 62. Rf6 Nxh4
63. Ke2 g5 64. Rf1 Ng2 65. Rg1 h4 0-1

[Event "EuTCh"]
[Site "Leon ESP"]
[Date "2001.11.15"]
[Round "9"]
[White "Van den Doel,E"]
[Black "Greenfeld,A"]
[Result "1-0"]
[WhiteElo "2583"]
[BlackElo "2581"]
[EventDate "2001.11.06"]

1. e4 e5 2. Nf3 Nf6 3. Nxe5 d6 4. Nf3 Nxe4 5. d4 d5 6. Bd3 Bd6 7. O-O O-O
8. c4 c6 9. Qc2 Na6 10. a3 Re8 11. Nc3 Bg4 12. Nxe4 dxe4 13. Bxe4 Bxf3 14.
Bxf3 Qh4 15. g3 Qxd4 16. Bg5 Qe5 17. Qd2 Qf5 18. Bg2 Be7 19. Bxe7 Rxe7 20.
Rfe1 Qd7 21. Qxd7 Rxd7 22. Rad1 Rc7 23. b4 Kf8 24. Re5 Re7 25. Rxe7 Kxe7
26. b5 Nc5 27. bxc6 bxc6 28. Bxc6 Rc8 29. Bd5 Rb8 30. Re1+ Kf6 31. Re3 Rb3
32. Rxb3 Nxb3 33. f4 Ke7 34. Kf2 f6 35. Bg8 h6 36. Kf3 Kd6 37. Ke4 Kc5 38.
Kf5 Nd2 39. Kg6 a5 40. Bd5 Nb1 41. a4 1-0

[Event "EuTCh"]
[Site "Leon ESP"]
[Date "2001.11.15"]
[Round "9"]
[White "Huebner,R"]
[Black "Bauer,Ch"]
[Result "1-0"]
[WhiteElo "2612"]
[BlackElo "2585"]
[EventDate "2001.11.06"]

1. d4 Nf6 2. c4 e6 3. Nf3 b6 4. g3 Ba6 5. Qa4 c6 6. Nc3 Be7 7. Bg2 O-O 8.
O-O d5 9. Ne5 Qc8 10. cxd5 cxd5 11. Bf4 b5 12. Nxb5 Qb7 13. Nc3 Qxb2 14.
Rfc1 Qa3 15. Qb3 Bb4 16. Bf3 Rc8 17. Rab1 Qxb3 18. Rxb3 Ba5 19. e4 Bxc3 20.
exd5 Nxd5 21. Bxd5 exd5 22. Rbxc3 Rxc3 23. Rxc3 f6 24. Ng4 Nd7 25. Rc7 Nb6
26. Ne3 Bd3 27. h4 h5 28. f3 Nc4 29. Nxd5 Re8 30. Nc3 a5 31. d5 Rd8 32. Kf2
a4 33. g4 hxg4 34. fxg4 a3 35. h5 Kh8 36. Kg3 Nb6 37. d6 Nc8 38. Rc6 Kg8
39. Nd5 Kf7 40. Nb4 Be4 41. Rc4 Bh1 42. Rc7+ Ke6 43. Rxg7 Nxd6 44. Na6 Ne8
45. Ra7 Rc8 46. h6 Rc3+ 47. Kh4 Bg2 48. Bg3 Rc1 49. h7 Rh1+ 50. Bh2 Rxh2+
51. Kg3 Rh6 52. Kxg2 Nd6 53. Kf3 Nc4 54. Kf4 Ne5 55. Nc7+ Kf7 56. Nd5+ Ke6
57. Ne3 Ng6+ 58. Ke4 Nf8 59. Nf5 Rxh7 60. Nd4+ Kd6 61. Rxa3 Nd7 62. Ra6+
Kc7 63. Rc6+ Kb7 64. Rd6 Rg7 65. Kf5 Rg5+ 66. Kf4 Kc7 67. Ra6 Kb7 68. Re6
Re5 69. Rd6 Nc5 70. Nc6 Re2 71. Na5+ Ka7 72. a3 Rf2+ 73. Ke3 Rg2 74. Kf3
Rg3+ 75. Kxg3 Ne4+ 76. Kf3 Nxd6 77. Nb3 1-0

[Event "EuTCh"]
[Site "Leon ESP"]
[Date "2001.11.15"]
[Round "9"]
[White "Adams,Mi"]
[Black "Beliavsky,A"]
[Result "0-1"]
[WhiteElo "2731"]
[BlackElo "2668"]
[EventDate "2001.11.06"]

1. e4 e5 2. Nf3 Nc6 3. Bb5 a6 4. Ba4 Nf6 5. O-O Be7 6. Re1 b5 7. Bb3 d6 8.
c3 O-O 9. h3 Re8 10. d4 Bb7 11. Nbd2 Bf8 12. d5 Nb8 13. Nf1 Nbd7 14. N3h2
Nc5 15. Bc2 c6 16. b4 Ncd7 17. dxc6 Bxc6 18. Ng4 Nxg4 19. hxg4 Nb6 20. Qd3
g6 21. Rd1 Qc7 22. Qf3 Bd7 23. Bb3 Be6 24. Bg5 a5 25. Ne3 Bxb3 26. axb3
axb4 27. cxb4 Rxa1 28. Rxa1 d5 29. Nxd5 Nxd5 30. exd5 e4 31. Qe3 Qd7 32.
Qd2 Qxg4 33. Ra6 Bxb4 34. Qc1 Bc5 35. Rc6 e3 36. Bxe3 Bxe3 37. fxe3 h5 38.
Rc7 Re5 39. Qf1 Rf5 40. Qa1 Kh7 41. d6 Qg3 42. Rc8 Qxe3+ 43. Kh1 f6 44. Rc3
Qd2 45. Rc7+ Kh6 46. d7 Re5 47. Qc3 Qxc3 48. Rxc3 Rd5 49. Rc7 f5 50. b4 Kg5
51. Rb7 Kg4 52. Kh2 h4 53. Rxb5 Rxd7 54. Rc5 Rd2 55. Kg1 Rb2 56. b5 h3 57.
Rc4+ f4 58. gxh3+ Kg3 59. Kf1 Rxb5 60. Ke2 g5 0-1